书目信息 |
| 题名: |
世界艺术史话—世界工艺美术史话
|
|
| 作者: | 钱正坤 | |
| 分册: | ||
| 出版信息: | 北京 国际文化出版公司 2000 |
|
| 页数: | 269页 | |
| 开本: | 20cm | |
| 丛书名: | ||
| 单 册: | ||
| 中图分类: | J50 | |
| 科图分类: | ||
| 主题词: | 工艺美术--艺术理论 | |
| 电子资源: | ||
| ISBN: | 7-80105-752-X | |
| 000 | 00567nam0 2200181 450 | |
| 001 | 0728815141 | |
| 005 | 20070819080015.14 | |
| 010 | @a7-80105-752-X@d¥20.00 | |
| 100 | @a20070819d km y0chiy0120 ea | |
| 101 | 0 | @achi |
| 200 | 1 | @a世界艺术史话—世界工艺美术史话@Ashi jie yi shu shi hua—shi jie gong yi mei shu shi hua@f钱正坤等@Fqian zheng kun deng |
| 210 | @a北京@c国际文化出版公司@d2000 | |
| 215 | @a269页@d20cm | |
| 606 | 0 | @a工艺美术@x艺术理论 |
| 690 | @aJ50@v3 | |
| 701 | 0 | @a钱正坤@Aqian zheng kun |
| 801 | 0 | @aCN@bPFT@c20070819 |
| 905 | @a213230@dJ50@eZW77@f1 | |
| 世界艺术史话—世界工艺美术史话/钱正坤等.-北京:国际文化出版公司,2000 |
| 269页;20cm |
| ISBN 7-80105-752-X:¥20.00 |
| ● |
| 相关链接 |
|
|
|
|
正题名:世界艺术史话—世界工艺美术史话
索取号:J50/ZW77
 
预约/预借
| 序号 | 登录号 | 条形码 | 馆藏地/架位号 | 状态 | 备注 |
| 1 | 7614812 | 276148125 | 密集书库-文学院/ [索取号:J50/ZW77] | 在馆 |